| 000 | 00927cam a22002413a 4500 | ||
|---|---|---|---|
| 001 | 3751 | ||
| 003 | PGUSA | ||
| 005 | 20140828083038.0 | ||
| 008 | 030201s2003||||xxu|||||s|||||000 | eng d | ||
| 040 |
_aPGUSA _beng |
||
| 042 | _adc | ||
| 050 | 4 | _aN | |
| 100 | 1 |
_aHowes, Ethel Puffer, _d1872-1950 |
|
| 245 | 1 | 4 |
_aThe Psychology of Beauty _h[electronic resource] / _cEthel Puffer Howes |
| 260 |
_bProject Gutenberg, _c2003 |
||
| 505 | 0 | _aCriticism and aesthetics -- The nature of beauty -- The aesthetic repose -- The beauty of fine art; The beauty of visual form; Space composition among the old masters -- The beauty of music -- The beauty of literature -- The nature of the emotions of the drama -- The beauty of ideas. | |
| 506 | _aPublic domain in the USA. | ||
| 516 | _aElectronic text | ||
| 653 | _aAesthetics | ||
| 830 | 0 |
_aProject Gutenberg _v3751 |
|
| 856 | 4 | 0 | _uhttp://www.gutenberg.org/ebooks/3751 |
| 942 | _cEB | ||
| 999 |
_c233080 _d233080 |
||